Complex formation and reactivity

Elmentve itt :
Bibliográfiai részletek
Szerző: Beck Mihály Tibor
Dokumentumtípus: Cikk
Megjelent: 1962
Sorozat:Acta physica et chemica 8 No. 1-2
Kulcsszavak:Természettudomány, Kémia, Fizika
Online Access:http://acta.bibl.u-szeged.hu/23607
LEADER 00631nab a2200181 i 4500
001 acta23607
005 20210602102431.0
008 161017s1962 hu o 0|| eng d
022 |a 0001-6721 
040 |a SZTE Egyetemi Kiadványok Repozitórium  |b hun 
041 |a eng 
100 1 |a Beck Mihály Tibor 
245 1 0 |a Complex formation and reactivity  |h [elektronikus dokumentum] /  |c  Beck Mihály Tibor 
260 |c 1962 
300 |a 62-68 
490 0 |a Acta physica et chemica  |v 8 No. 1-2 
695 |a Természettudomány, Kémia, Fizika 
856 4 0 |u http://acta.bibl.u-szeged.hu/23607/1/phys_chem_008_fasc_001_002_062-068.pdf  |z Dokumentum-elérés